| 000 | 00501 a2200145 4500 | ||
|---|---|---|---|
| 040 | _a0 | ||
| 082 | _aPGDIT-2 | ||
| 100 |
_aSaima Hameed. _9101134 |
||
| 245 |
_aOnline Testing System _cSaima Hameed. |
||
| 260 |
_aIslamabad : _bNUST School of Electrical Engineering & Computer Science, _c2000. |
||
| 300 |
_aiv, 85 p. : _bill. ; _c27 cm. + _eCD-ROM. |
||
| 500 | _aSupervisors : Dr. Romana, Dr. S M H Zaidi. | ||
| 856 | _uhttp://10.250.8.41:8080/xmlui/handle/123456789/10475 | ||
| 942 |
_cPR _kPGDIT-2 SAI _2ddc |
||
| 999 |
_c9252 _d9252 |
||